| 000 | 00357nam a22001577a 4500 | ||
|---|---|---|---|
| 999 |
_c532611 _d532611 |
||
| 003 | NUST | ||
| 005 | 20191126155052.0 | ||
| 008 | 191126b ||||| |||| 00| 0 eng d | ||
| 038 | _aMSOHAIL | ||
| 082 | _a0 | ||
| 100 |
_aFarah Nazar Abbasi _926237 |
||
| 245 | _aSafety Plan..\ | ||
| 260 |
_aIslamabad _bNUST _cc2014 |
||
| 300 | _ap;v.p. | ||
| 942 |
_2ddc _cBK |
||